| 000 | 00801nam a2200229 a 4500 | ||
|---|---|---|---|
| 001 | BRCA_7333 | ||
| 005 | 20190320205810.0 | ||
| 008 | 240812s2004----u--ab#####---#000-0#eng-# | ||
| 020 | _a8460921360 | ||
| 041 | _aeng | ||
| 044 | _au | ||
| 050 | 4 |
_aN620 _b.J56 2004 |
|
| 100 | 1 |
_aJiménez-Blanco, María Dolores _918131 |
|
| 245 | 1 | 0 |
_aSpanish art in New York _bguide _cMaría Dolores Jímenez-Blanco, Cindy Mack ; with preface by Dore Ashton. |
| 260 |
_a[Estados Unidos] _bAsociación de Amigos de la Hispanic Society of America _cc2004 |
||
| 300 |
_a269 p. _bil. (algunas a color), mapas _c25 cm. |
||
| 500 | _aIncluye índice alfabético | ||
| 650 | 1 | 4 |
_aArte español _zNueva York (Estados Unidos) _918132 |
| 700 | 1 |
_aMack, Cindy _ecoaut. _918133 |
|
| 700 | 1 |
_aAshton, Dore _918134 |
|
| 942 |
_2lcc _cB |
||
| 999 |
_c7009 _d7009 |
||